[Event "BL9495 (Women)"]
[Site "Germany"]
[Date "1995.??.??"]
[Round "202"]
[White "Ulms, Sandra"]
[Black "Jahn, Constanze"]
[Result "1/2-1/2"]
[WhiteElo "2135"]
[BlackElo "2235"]

1.d4 Nf6 2.c4 e6 3.Nf3 b6 4.a3 Bb7 5.Bg5 Be7 6.Nc3 d5 7.e3 O-O 8.Bd3 Ne4
9.Bxe7 Qxe7 10.O-O Nd7 11.Qe2 c5 12.Rfd1 Rac8 13.Rac1 f5 14.cxd5 Nxc3 15.bxc3 exd5
16.c4 Rcd8 17.cxd5 Bxd5 18.Bc4 Bxc4 19.Qxc4+ Kh8 20.Re1 h6 21.Qa4 Ra8 22.Rcd1 a6
23.dxc5 Nxc5 24.Qc6 b5 25.Nd4 Rac8 26.Qf3 Qe4 27.Re2 Na4 28.Qxe4 fxe4 29.Rc2 Rxc2
30.Nxc2 Rc8 31.Rd2 Rc3 32.Kf1 Nb6 33.Nb4 Rxa3 34.Rd6 Nc4 35.Rxa6 Rb3 36.Nc6 Rb1+
37.Ke2 Rb2+ 38.Ke1 Rb1+ 39.Ke2 Nb2 40.Ra8+ Kh7 41.f3 exf3+ 42.Kxf3 Nc4 43.e4 Rf1+
44.Ke2 Rc1 45.Nb4 Nb6 46.Rb8 Rc4 47.Nd5 Nxd5 48.exd5 Rc5 49.d6 Rd5  1/2-1/2

[Event "BL2-O9495"]
[Site "Germany"]
[Date "1995.??.??"]
[Round "?"]
[White "Koehler, Ronald"]
[Black "Kienast, Joerg"]
[Result "1/2-1/2"]
[WhiteElo "2235"]
[BlackElo "2225"]

1.d4 Nf6 2.c4 e6 3.Nf3 b6 4.a3 Ba6 5.Qc2 Be7 6.e4 d5 7.e5 Nfd7 8.b3 O-O 9.Bd3 h6
10.Nc3 c5 11.cxd5 cxd4 12.dxe6 Bxd3 13.Qxd3 Nc5 14.exf7+ Rxf7 15.Qxd4 Nc6
16.Qxd8+ Rxd8 17.b4 Nd3+ 18.Ke2 Ncxe5 19.Rd1 Rc8 20.Nxe5 Nxe5 21.Ne4 Nc4
22.Be3 a5 23.bxa5 bxa5 24.a4 Re8 25.f3 Kh7 26.Bd4 Bb4 27.Be3 Rfe7 28.Rd3 Ne5
29.Rd5 Rc7 30.Rc1 Nc4 31.Bf4 Rc6 32.Rd4 Rec8 33.Rd7 Kg6 34.h4 Kh7 35.g4 Nb6
36.Rxc6 Rxc6 37.Rd3 Rc2+ 38.Bd2 Bxd2 39.Rxd2 Rc4 40.Rd6 Nxa4 41.Ra6 Nc5  1/2-1/2

[Event "BL9495 (Women)"]
[Site "Germany"]
[Date "1995.??.??"]
[Round "203"]
[White "Ulms, Sandra"]
[Black "Richtrova, Eliska"]
[Result "0-1"]
[WhiteElo "2135"]
[BlackElo "2370"]

1.d4 Nf6 2.c4 e6 3.Nf3 b6 4.a3 h6 5.Nc3 Bb7 6.Qc2 d5 7.e3 a6 8.cxd5 exd5
9.Bd3 Bd6 10.b4 O-O 11.O-O Re8 12.Bb2 Nbd7 13.b5 c5 14.bxc6 Bxc6 15.a4 Qe7
16.Rfc1 Bb7 17.Qb3 Rac8 18.g3 Qe6 19.Nh4 g6 20.Bf1 Ng4 21.Bg2 Nxf2 22.Kxf2 Qxe3+
23.Kf1 Nf6 24.Qd1 Bb4 25.Qf3 Bxc3 26.Bxc3 Qe6 27.Bd2 Ne4 28.Qd3 Qf6+ 29.Kg1 Qf2+
30.Kh1 Qxd2 31.Bxe4 Rxc1+ 32.Rxc1 Qxc1+ 33.Kg2 dxe4 34.Qb3 e3+ 35.Kh3 Qf1+  0-1

[Event "BL9495 (Women)"]
[Site "Germany"]
[Date "1995.??.??"]
[Round "202"]
[White "Fichtner, Kathrin"]
[Black "Meissner, Claudia"]
[Result "1-0"]
[WhiteElo "2070"]
[BlackElo "2125"]

1.d4 Nf6 2.c4 e6 3.Nf3 b6 4.a3 Bb7 5.Nc3 Be7 6.d5 d6 7.e4 e5 8.Be2 O-O 9.O-O Nbd7
10.b4 c5 11.Ne1 b5 12.cxb5 Qc7 13.bxc5 Nxc5 14.f3 Rac8 15.Bd2 Nfd7 16.Nd3 f5
17.Nb4 Rf7 18.Nc6 Rcf8 19.Qc2 f4 20.Na4 Bxc6 21.bxc6 Nxa4 22.Qxa4 Qb6+ 23.Kh1 Nc5
24.Qb4 Qc7 25.Rab1 Rf6 26.Rfc1 Rh6 27.Qa5 Bd8 28.Qxc7 Bxc7 29.Bb4 Na4 30.Bb5 Nb6
31.a4 Rhf6 32.a5 Na8 33.Ba6 Bd8 34.Be1 Nc7 35.Be2 R6f7 36.Rb7 Na8 37.Rcb1 g5
38.Rxf7 Kxf7 39.Rb7+ Kg6 40.Rxa7 Nc7 41.Bb4 Ne8 42.Rb7  1-0

[Event "BL2-W9495"]
[Site "Germany"]
[Date "1995.??.??"]
[Round "?"]
[White "Stoering, Volker"]
[Black "Kohlweyer, Bernd"]
[Result "0-1"]
[WhiteElo "2320"]
[BlackElo "2435"]

1.d4 Nf6 2.c4 e6 3.Nf3 b6 4.a3 Bb7 5.Nc3 d5 6.Bg5 Be7 7.Qa4+ c6 8.Bxf6 Bxf6
9.cxd5 exd5 10.g3 O-O 11.Bg2 Re8 12.O-O Nd7 13.Rfd1 a5 14.e3 Be7 15.Ne1 Nf6
16.Nd3 Bd6 17.Qb3 Ba6 18.Rac1 h5 19.Nb1 a4 20.Qc2 Bc4 21.Nd2 b5 22.Qc3 Qc7
23.e4 Nxe4 24.Bxe4 dxe4 25.Nxc4 bxc4 26.Ne1 h4 27.Ng2 hxg3 28.hxg3 Rab8 29.Qxc4 e3
30.fxe3 Rxb2 31.Qxc6 Qe7 32.Rc2 Rxc2 33.Qxc2 Bxg3 34.Qxa4 Qe4 35.Qd7 Rf8
36.Rf1 Qh7 37.Rf2 Qh2+ 38.Kf1 Bxf2 39.Kxf2 Rb8 40.Qg4 Rb2+ 41.Kf3 g6 42.d5 Qh1  0-1

[Event "BL2-W9495"]
[Site "Germany"]
[Date "1995.??.??"]
[Round "?"]
[White "Schiffer, Kai Uwe"]
[Black "Wiemer, Ralf"]
[Result "0-1"]
[WhiteElo "2300"]
[BlackElo "2300"]

1.d4 Nf6 2.c4 e6 3.Nf3 b6 4.a3 Ba6 5.Qc2 c5 6.d5 exd5 7.cxd5 Bb7 8.e4 Qe7
9.Bd3 Nxd5 10.O-O Nc7 11.Nc3 Ne6 12.b4 Nc6 13.bxc5 Qxc5 14.Be3 Qh5 15.Nd5 Bd6
16.h3 O-O 17.Be2 Bc5 18.Qd2 f5 19.Nd4 Qh4 20.Nxe6 dxe6 21.Bxc5 bxc5 22.Nc7 Nd4
23.Nxa8 Qxe4 24.f3 Nxe2+ 25.Kf2 Qh4+ 26.Kxe2 Ba6+ 27.Ke3 Rd8 28.Qxd8+ Qxd8
29.Rfd1 Qxa8 30.Rd7 Qb8 31.Rad1 Qb3+ 32.Kf4 h6 33.Rxa7 Qxd1  0-1

[Event "Oberliga Ost B9495"]
[Site "Germany"]
[Date "1995.??.??"]
[Round "?"]
[White "Lehmann, Karl Heinz"]
[Black "Liebert, Heinz"]
[Result "1/2-1/2"]
[WhiteElo "2300"]
[BlackElo "2370"]

1.d4 Nf6 2.c4 e6 3.Nf3 b6 4.a3 Bb7 5.Nc3 Ne4 6.Nxe4 Bxe4 7.g3 Be7 8.Bg2 O-O
9.O-O d6 10.b3 Bf6 11.Bb2 c5 12.Ra2 Nc6 13.d5 exd5 14.cxd5 Bxb2 15.Rxb2 Ne7
16.Ne1 Bxg2 17.Nxg2 Ng6 18.e4 f5 19.exf5  1/2-1/2

[Event "Graz op"]
[Site "Graz"]
[Date "1995.??.??"]
[Round "4"]
[White "Eingorn, Vereslav S"]
[Black "Teske, Henrik"]
[Result "1/2-1/2"]
[WhiteElo "2600"]
[BlackElo "2500"]

1.Nf3 Nf6 2.c4 e6 3.d4 b6 4.a3 c5 5.e3 cxd4 6.exd4 d5 7.Nc3 Be7 8.cxd5 Nxd5
9.Bb5+ Bd7 10.Bd3 O-O 11.Nxd5 exd5 12.O-O Nc6 13.Be3 Bf6 14.Rc1 Ne7 15.Ne5 g6
16.Bh6 Bg7 17.Qd2 Be6 18.Bxg7 Kxg7 19.Qf4 Qb8 20.Rfe1 Rd8 21.h4 h5 22.Re3 Qd6
23.Rce1 Nf5 24.Rf3 Re8 25.Qg5 Qd8  1/2-1/2

[Event "Graz op"]
[Site "Graz"]
[Date "1995.??.??"]
[Round "6"]
[White "Eingorn, Vereslav S"]
[Black "Palac, Mladen"]
[Result "0-1"]
[WhiteElo "2600"]
[BlackElo "2515"]

1.d4 Nf6 2.c4 e6 3.Nf3 b6 4.a3 Bb7 5.Nc3 d5 6.cxd5 Nxd5 7.Bd2 Nd7 8.Nxd5 Bxd5
9.Qc2 c5 10.e4 Bb7 11.d5 exd5 12.exd5 Bd6 13.O-O-O O-O 14.Ng5 Nf6 15.h4 Be5
16.Bc4 Bd4 17.Bf4 b5 18.Bxb5 Bxd5 19.Bc4 Bxc4 20.Be5 Qb6 21.Bxf6 g6 22.Bxd4 cxd4
23.b4 Rfc8 24.Kb2 a5 25.Qd2 axb4 26.Qxd4 Qa5 27.a4 Qxa4 28.Ra1 Ba2 29.Qd3 Rc2+  0-1

[Event "Groningen op"]
[Site "Groningen"]
[Date "1995.??.??"]
[Round "?"]
[White "Golod, Vitali"]
[Black "Vuksanovic, Sanja"]
[Result "1/2-1/2"]
[WhiteElo "2540"]
[BlackElo "2320"]

1.d4 e6 2.Nf3 Nf6 3.c4 b6 4.a3 Bb7 5.Nc3 d5 6.cxd5 Nxd5 7.Bd2 Nd7 8.Qc2 c5
9.e4 N5f6 10.dxc5 Bxc5 11.Bd3 Ng4 12.O-O O-O 13.b4 Nde5 14.Be2 Be7 15.Nxe5 Nxe5
16.Rfd1 Bf6 17.Rac1 Rc8 18.Be3 Qc7 19.Qb3 Qb8 20.f3  1/2-1/2

[Event "Groningen"]
[Site "Groningen"]
[Date "1995.??.??"]
[Round "1"]
[White "Van Wely, Loek"]
[Black "Almasi, Zoltan"]
[Result "1-0"]
[WhiteElo "2585"]
[BlackElo "2630"]

1.d4 Nf6 2.c4 e6 3.Nf3 b6 4.a3 Ba6 5.Qc2 Bb7 6.Nc3 c5 7.e4 cxd4 8.Nxd4 Nc6
9.Nxc6 Bxc6 10.Bf4 Bc5 11.Be2 O-O 12.O-O-O a5 13.Kb1 Qe7 14.e5 Ne8 15.Ne4 Bxe4
16.Qxe4 Rd8 17.Bd3 f5 18.Qf3 d6 19.Bc2 dxe5 20.Rxd8 Qxd8 21.Bxe5 Nf6 22.Rd1 Qe7
23.Qc6 Qe8 24.Qxe8 Rxe8 25.f3 Kf7 26.Ba4 Rc8 27.Kc2 g5 28.Bb5 h5 29.Kb3 Ke7
30.Ka4 Be3 31.b4 axb4 32.axb4 Bf4 33.Bd4 Bc7 34.Be3 g4 35.Ba6 Rb8 36.h3 gxf3
37.gxf3 Rg8 38.Rg1 Rxg1 39.Bxg1 e5 40.Kb5 e4 41.fxe4 fxe4 42.Bb7 Ke6 43.Bc8+ Ke7
44.Bf5 h4 45.Bf2 Kd6 46.Bxh4 Ke5 47.Bg6 Bd8 48.Bxe4 Kxe4 49.Bxf6 Bxf6 50.Kxb6 Kd4
51.c5 Bd8+ 52.Kb7 Kc4 53.c6 Kxb4 54.h4  1-0

[Event "Groningen"]
[Site "Groningen"]
[Date "1995.??.??"]
[Round "3"]
[White "Lautier, Joel"]
[Black "Karpov, Anatoly"]
[Result "1/2-1/2"]
[WhiteElo "2645"]
[BlackElo "2775"]

1.d4 Nf6 2.c4 e6 3.Nf3 b6 4.a3 Bb7 5.Nc3 d5 6.Qc2 dxc4 7.e4 c5 8.d5 exd5
9.exd5 Bd6 10.Bxc4 O-O 11.O-O h6 12.Re1 a6 13.a4 Nbd7 14.b3 Qc7 15.h3 Ne5
16.Nh4 Rfe8 17.Bb2 Qd7 18.Re2 Rad8 19.Rae1 Nxc4 20.bxc4 Bc8 21.Nd1 Rxe2 22.Rxe2 Nh5
23.Re4 Re8 24.Ne3 Rxe4 25.Qxe4 Qe7 26.Qxe7 Bxe7 27.Nhf5 Bf8 28.g4 Nf4 29.Be5 Nxh3+
30.Kg2 Ng5 31.Bc7 Bd7 32.Bxb6 Bxa4 33.d6 Ne4 34.Ne7+ Bxe7 35.dxe7 f6 36.f3 Nd6
37.Bxc5 Ne8 38.Nf5  1/2-1/2

[Event "Groningen"]
[Site "Groningen"]
[Date "1995.??.??"]
[Round "3"]
[White "Piket, Jeroen"]
[Black "Tiviakov, Sergei"]
[Result "1/2-1/2"]
[WhiteElo "2625"]
[BlackElo "2655"]

1.d4 Nf6 2.c4 e6 3.Nf3 b6 4.a3 Bb7 5.Nc3 Ne4 6.Nxe4 Bxe4 7.e3 Be7 8.Bd3 Bxd3
9.Qxd3 d5 10.O-O O-O 11.e4 dxe4 12.Qxe4 Nd7 13.Bf4 Nf6 14.Qe2 Re8 15.Rfd1 Qc8
16.Ne5 Qb7 17.Rd3 Rad8 18.b4 b5 19.cxb5 Qxb5 20.a4 Qd5 21.b5 Bd6 22.Rad1 Ra8
23.Bg5 Ne4 24.Bh4 f6 25.Re3 f5 26.f3 Nf6 27.Bxf6 gxf6 28.f4 Kh8 29.Nf7+ Kg7
30.Qh5 Bxf4 31.Rh3 Rg8 32.Nh6 Bxh6 33.Qxh6+ Kf7 34.Qxh7+ Rg7 35.Qh5+ Ke7
36.Rg3 Rag8 37.Rxg7+ Rxg7 38.Qe2 Rg4 39.Qf2 e5 40.Qc2 Ke8 41.h3 Rxd4 42.Rc1 Qd7
43.Qb3 Ke7  1/2-1/2

[Event "Groningen"]
[Site "Groningen"]
[Date "1995.??.??"]
[Round "8"]
[White "Sokolov, Ivan"]
[Black "Adams, Michael"]
[Result "1/2-1/2"]
[WhiteElo "2630"]
[BlackElo "2660"]

1.d4 Nf6 2.c4 e6 3.Nf3 b6 4.a3 Ba6 5.Qb3 d5 6.cxd5 Qxd5 7.Qxd5 exd5 8.Bf4 c6
9.Nc3 Nbd7 10.h3 Be7 11.g4 O-O 12.e3 Bxf1 13.Kxf1 Rfc8 14.Kg2 b5 15.Rhc1 a5
16.b3 Nb6 17.a4 bxa4 18.Nxa4 Nxa4 19.Rxa4 Nd7 20.Ne5 Nxe5 21.Bxe5 f6 22.Bg3 Kf7
23.f3 c5 24.Be1 cxd4 25.Rxc8 Rxc8 26.Rxd4 Rc2+ 27.Kf1 Rb2 28.Rxd5 Rxb3 29.Bxa5 Rxe3  1/2-1/2

[Event "Groningen"]
[Site "Groningen"]
[Date "1995.??.??"]
[Round "10"]
[White "Van Wely, Loek"]
[Black "Karpov, Anatoly"]
[Result "0-1"]
[WhiteElo "2585"]
[BlackElo "2775"]

1.d4 Nf6 2.c4 e6 3.Nf3 b6 4.a3 Bb7 5.Nc3 d5 6.Bg5 Be7 7.Qa4+ Qd7 8.Qxd7+ Nbxd7
9.Nb5 Kd8 10.cxd5 Nxd5 11.e4 N5f6 12.Bf4 Ne8 13.Bd3 h6 14.O-O-O c6 15.Nc3 Bd6
16.Be3 Ke7 17.Kb1 Rc8 18.e5 Bb8 19.Ne4 f5 20.exf6+ Nexf6 21.Rhe1 Rhd8 22.Bd2 Nd5
23.h4 Rf8 24.h5 Nf4 25.Bf1 Nxh5 26.Bb4+ c5 27.dxc5 Bxe4+ 28.Rxe4 bxc5 29.Bc3 Nhf6
30.Re3 Bf4 31.Re2 Kf7 32.g3 Bb8 33.Bh3 Rc6 34.Ba5 g5 35.Nd2 Nb6 36.Bxb6 axb6
37.Nc4 b5 38.Na5 Rb6 39.Bg2 Rc8 40.b4 cxb4 41.axb4 Bd6 42.Rb2 Rc3 43.Rdd2 h5
44.Ka2 h4 45.gxh4 gxh4 46.Rb3 Rc1 47.Re2 Nh5 48.Rf3+ Nf4 49.Bh3 e5 50.Re4 Kg6
51.Kb2 Rh1 52.Bd7 h3 53.Rg3+ Kf6 54.Bxh3 Nxh3 55.Rh4 Nxf2 56.Rxh1 Nxh1 57.Rh3 Nf2
58.Rf3+ Ke6 59.Rxf2 Bxb4 60.Nb3 Kd5 61.Nc1 Ra6 62.Rf1 Kc4 63.Na2 Bd2 64.Rf2 Kd3  0-1

[Event "Wch U16"]
[Site "Guarapuava"]
[Date "1995.??.??"]
[Round "7"]
[White "Naumann, Alexander"]
[Black "Yu Shaoteng"]
[Result "1/2-1/2"]
[WhiteElo "2360"]
[BlackElo "2290"]

1.d4 Nf6 2.c4 e6 3.Nf3 b6 4.a3 Bb7 5.Nc3 g6 6.Qc2 Bxf3 7.gxf3 Nc6 8.d5 Ne7
9.Bg5 Bg7 10.O-O-O exd5 11.cxd5 d6 12.Kb1 O-O 13.h4 h6 14.Bc1 a6 15.f4 Nh5
16.e4 f5 17.Be2 fxe4 18.Bxh5 gxh5 19.Nxe4 Nf5 20.Ng3 Nxg3 21.fxg3 Qd7 22.Rhe1 Rae8
23.Rxe8 Rxe8 24.f5 Re5 25.Rf1 Bf6 26.Bxh6 Qb5 27.Rf2 Qxd5 28.Qxc7 Re1+ 29.Bc1 Qe4+
30.Ka2 Qd5+ 31.Kb1 Qe4+ 32.Ka2 Qd5+  1/2-1/2

[Event "Wch U16"]
[Site "Guarapuava"]
[Date "1995.??.??"]
[Round "8"]
[White "Leskiewicz, Maksymilian"]
[Black "Berescu, Alin"]
[Result "0-1"]
[WhiteElo "2155"]
[BlackElo "2260"]

1.d4 Nf6 2.c4 e6 3.Nf3 b6 4.a3 Bb7 5.Nc3 g6 6.Bg5 h6 7.Bh4 g5 8.Bg3 Bg7 9.Qc2 d6
10.e4 Nh5 11.O-O-O Qe7 12.d5 Nxg3 13.hxg3 a6 14.e5 dxe5 15.dxe6 Qxe6 16.Nxg5 Qe7
17.Nf3 e4 18.Nd4 Nc6 19.Nxc6 Bxc6 20.Rh5 Qe6 21.Nd5 O-O-O 22.Be2 Kb8 23.Kb1 f5
24.g4 fxg4 25.Ne3 Rxd1+ 26.Bxd1 Rd8 27.Bxg4 Qf6 28.Rf5 Ba4 29.Qe2 Qd4 30.Rd5 Rxd5
31.Nxd5 Bb3 32.Ne3 Bf6 33.Be6 Ka7 34.Nd5 b5 35.Bg4 Qd3+ 36.Qxd3 exd3 37.Ne3 d2
38.Bf3 bxc4 39.Bd1 Bd4 40.Bxb3 cxb3 41.Nd1 Kb6  0-1

[Event "Wch U16"]
[Site "Guarapuava"]
[Date "1995.??.??"]
[Round "10"]
[White "Kerek, Csaba"]
[Black "Svicevic, Rastko"]
[Result "1/2-1/2"]
[WhiteElo "2100"]
[BlackElo "2265"]

1.d4 Nf6 2.c4 e6 3.Nf3 b6 4.a3 Bb7 5.Nc3 d5 6.Qc2 dxc4 7.e4 c5 8.d5 exd5
9.exd5 a6 10.Bxc4 b5 11.Ba2 Bd6 12.O-O O-O 13.Bg5 Nbd7 14.Rad1 Re8 15.Rfe1 Rxe1+
16.Rxe1 Qc7 17.Ne4 Nxd5 18.Rd1 c4 19.Bb1 g6 20.Qd2 Re8 21.Nc3 Nxc3 22.bxc3 Bxf3
23.gxf3 Ne5 24.Be4 Nd3 25.Bxd3 cxd3 26.Qxd3 Bxh2+ 27.Kg2 Be5 28.Re1 Re6 29.Qd5 Qd6
30.Qa8+ Qb8 31.Qd5 Qd6 32.Qa8+ Kg7 33.Qc8 Qc7 34.Qa8 Qd6 35.Qc8 Qc7 36.Qa8 Qd6
37.Qc8 h6 38.Be3 Qc7 39.Qa8 Qc6 40.Bxh6+ Kxh6 41.Qf8+ Kh5 42.Rxe5+ Rxe5 43.Qh8+ Kg5
44.Qxe5+ Kh6 45.Qh8+ Kg5 46.Qe5+ Kh6  1/2-1/2

[Event "Hafnarfjordur op"]
[Site "Hafnarfjordur"]
[Date "1995.??.??"]
[Round "1"]
[White "Riemersma, Liafbern"]
[Black "Thorfinnsson, Bragi"]
[Result "1-0"]
[WhiteElo "2430"]
[BlackElo "2185"]

1.d4 Nf6 2.Nf3 e6 3.c4 b6 4.a3 Bb7 5.Nc3 d5 6.Bg5 Be7 7.Qa4+ c6 8.Bxf6 Bxf6
9.cxd5 exd5 10.g3 O-O 11.Bg2 Re8 12.O-O Nd7 13.Rad1 g6 14.Rfe1 c5 15.Qc2 Bg7
16.dxc5 Nxc5 17.Nd4 Rc8 18.Ndb5 d4 19.Bxb7 Nxb7 20.e3 a6 21.Nxd4 Bxd4 22.Qa4 b5
23.Qxd4 Qxd4 24.Rxd4 Red8 25.Red1 Rxd4 26.Rxd4 Rd8 27.Rxd8+ Nxd8 28.f4 Nc6
29.Nd5 f5 30.Kf2 Kf7 31.Nc7 Nb8 32.e4 fxe4 33.Ke3 Ke7 34.Nd5+ Ke6 35.Kxe4 h5
36.h3 Kd6 37.Nb4 a5 38.Nd3 Nd7 39.f5 g5 40.h4 Nf6+ 41.Kd4 gxh4 42.gxh4 Nd5
43.Ke4 b4 44.axb4 axb4 45.b3 Nc3+ 46.Kf4 Ne2+ 47.Kg5 Nd4 48.Nxb4 Ke7 49.Nd5+ Kf7
50.b4 Nb5 51.Kxh5 Nd6 52.Kg5 Kg7 53.Nc3  1-0

[Event "Haifa"]
[Site "Haifa"]
[Date "1995.??.??"]
[Round "10"]
[White "Akopian, Vladimir"]
[Black "Gurevich, Mikhail"]
[Result "1/2-1/2"]
[WhiteElo "2655"]
[BlackElo "2605"]

1.d4 Nf6 2.c4 e6 3.Nf3 b6 4.a3 Bb7 5.Nc3 d5 6.cxd5 Nxd5 7.Bd2 Nd7 8.Qc2 c5
9.e4 Nxc3 10.Bxc3 cxd4 11.Nxd4 a6 12.g3 Qc7 13.Bg2 Be7 14.O-O O-O 15.Rac1 Rac8
16.Qe2 Rfd8 17.Nb3 Ne5 18.Bb4 Qd7 19.Bxe7 Qxe7 20.f4 Nd7 21.e5 Nc5 22.Nxc5 Rxc5
23.Bxb7 Qxb7 24.Rxc5 bxc5 25.Rd1 Rxd1+ 26.Qxd1 h6 27.Qd8+ Kh7 28.Qd3+ g6
29.b3 Kg7 30.Qc4 Qf3 31.Qxc5 Qxb3 32.Qe7 Qd1+ 33.Kg2 Qe2+ 34.Kg1 Qd1+ 35.Kg2 a5
36.Qf6+ Kg8 37.Qe7 Qd2+ 38.Kh3 Qd5 39.Qe8+ Kg7 40.Qe7 Qa8 41.f5 gxf5 42.Qf6+ Kg8
43.Qxh6 Qd5 44.Qf4 Kg7 45.Qg5+ Kf8 46.Qh6+ Kg8  1/2-1/2

[Event "Wch U20"]
[Site "Halle"]
[Date "1995.??.??"]
[Round "10"]
[White "Naumann, Alexander"]
[Black "Taleb, Moussa"]
[Result "1/2-1/2"]
[WhiteElo "2360"]
[BlackElo "2245"]

1.d4 Nf6 2.c4 e6 3.Nf3 b6 4.a3 Bb7 5.Nc3 d5 6.Qc2 Be7 7.cxd5 exd5 8.g3 O-O
9.Bg2 Ne4 10.O-O Nxc3 11.bxc3 Bf6 12.Bf4 Nd7 13.h4 Re8 14.Nh2 c5 15.e3 Rc8
16.Qf5 g6 17.Qd3 cxd4 18.cxd4 Rc4 19.Ng4 h5 20.Nxf6+ Nxf6 21.Rfe1 Qc8 22.f3 Ba6
23.Qb1 Rc3 24.Rc1 Qc6 25.Qb2 Rc8 26.e4 Qc4 27.Qxc3 Qxc3 28.Rxc3 Rxc3 29.Be5 Nd7
30.exd5 Bc4 31.d6 a5 32.Bh3 f5 33.Bf4 Nf6 34.Bg5 Kf7 35.Re1 Be6 36.Bg2 Rxa3
37.Rc1 Ne8 38.Bf4 Rd3 39.Be5 b5 40.Bf1 Rb3 41.d5 Bd7 42.Bf4 Nf6 43.Re1 Nxd5
44.Re5 Nxf4 45.Re7+ Kf6 46.Rxd7 Ne6 47.Rb7 a4 48.Rxb5 Rxb5 49.Bxb5 a3 50.Bc4 Nd4
51.Kf2 Nc2 52.Bg8 Nb4 53.Ke3 a2 54.Bxa2 Nxa2 55.d7 Ke7 56.Kf4 Nc3 57.Kg5 Ne2
58.g4 hxg4 59.fxg4  1/2-1/2

[Event "Wichern op"]
[Site "Hamburg"]
[Date "1995.??.??"]
[Round "8"]
[White "Priehoda, Vitezslav"]
[Black "Kogan, Artur"]
[Result "0-1"]
[WhiteElo "2365"]
[BlackElo "2495"]

1.d4 Nf6 2.c4 e6 3.Nf3 b6 4.a3 Ba6 5.Nbd2 c5 6.e3 g6 7.Bd3 Bg7 8.b4 cxd4
9.exd4 d5 10.Qa4+ Nfd7 11.b5 Bb7 12.Qb4 a5 13.Qb1 dxc4 14.Bxc4 O-O 15.Bb2 Nf6
16.O-O Nbd7 17.a4 Rc8 18.Qa2 Nd5 19.Rfe1 N7f6 20.Ne5 Re8 21.Qb3 Re7 22.Bf1 Nb4
23.Ndc4 Nfd5 24.Rad1 Rec7 25.g3 Bf8 26.h4 Qf6 27.Bg2 Qe7 28.Bf1 Ba8 29.Rc1 Bh6
30.Rcd1 Re8 31.Ba3 Bf8 32.Bg2 Qd8 33.Bb2 Qb8 34.Rc1 Rec8 35.Bf1 Nf6 36.Ne3 Bh6
37.Rxc7 Rxc7 38.N3g4 Nxg4 39.Nxg4 Bg7 40.Ne3 Qc8 41.Rd1 Nc2 42.Nc4 Qb7 43.d5 exd5
44.Qxc2 d4 45.f3 Qxf3 46.Qd3 Qh1+ 47.Kf2 Re7 48.Be2 Qg2+ 49.Ke1 Bf3  0-1

[Event "Helsinki"]
[Site "Helsinki"]
[Date "1995.??.??"]
[Round "?"]
[White "Yrjola, Jouni"]
[Black "Norri, Joose"]
[Result "1/2-1/2"]
[WhiteElo "2440"]
[BlackElo "2380"]

1.d4 Nf6 2.c4 e6 3.Nf3 b6 4.a3 Ba6 5.Qc2 Bb7 6.Nc3 c5 7.e4 cxd4 8.Nxd4 Nc6
9.Nxc6 Bxc6 10.Bf4 Nh5 11.Be3 Qb8 12.O-O-O Bc5 13.Bxc5 bxc5 14.g3 f5 15.f4 Nf6
16.Bd3 Qb7 17.Rhe1 fxe4 18.Nxe4 Nxe4 19.Bxe4 Bxe4 20.Qxe4 Qxe4 21.Rxe4 Ke7
22.f5 Rhf8 23.fxe6  1/2-1/2

[Event "Hillerod Politiken"]
[Site "Hillerod"]
[Date "1995.??.??"]
[Round "1"]
[White "Ahlander, Bjorn"]
[Black "Danielsen, Henrik"]
[Result "1/2-1/2"]
[WhiteElo "2400"]
[BlackElo "2430"]

1.d4 Nf6 2.c4 e6 3.Nf3 b6 4.a3 Bb7 5.Nc3 d5 6.cxd5 Nxd5 7.Qc2 Nxc3 8.bxc3 Nd7
9.e4 Be7 10.Bd3 c5 11.O-O Qc7 12.Qe2 O-O 13.e5 Rfd8 14.Be3 Rac8 15.Ng5 Nf8
16.Qh5 Bxg5 17.Qxg5 cxd4 18.Bxd4 Qd7 19.Rfe1 Rxc3 20.Bxc3 Qxd3 21.Bb4 Ng6
22.h4 h6 23.Qg3 Qd4 24.Ra2 Qc4 25.Rd2 Rxd2 26.Bxd2 Nxh4 27.f3 Nf5 28.Qf2 Qd3
29.Bc1 Bd5 30.Bb2 h5 31.Qe2 Qxe2 32.Rxe2 Ne7 33.Kf2 Kh7 34.Bc3 g5 35.g4 hxg4
36.fxg4 Nc6 37.Ke3 b5 38.Rb2 a6 39.Rb1 Kg6 40.Rb2 Bc4 41.Rb1 a5 42.Rc1 Bd5
43.Rb1 b4 44.axb4 axb4 45.Rxb4 Nxb4 46.Bxb4 f5 47.exf6 Kxf6 48.Bc3+ e5 49.Kf2 Bb3  1/2-1/2

[Event "EU-ch U20"]
[Site "Holon"]
[Date "1995.??.??"]
[Round "8"]
[White "Tyomkin, Dimitri"]
[Black "Stocek, Jiri"]
[Result "1/2-1/2"]
[WhiteElo "2385"]
[BlackElo "2475"]

1.d4 Nf6 2.c4 e6 3.Nf3 b6 4.a3 c5 5.d5 Ba6 6.Qc2 Qe7 7.Bg5 h6 8.Bxf6 Qxf6
9.e4 g5 10.Nc3 g4 11.Nd2 Bd6 12.Be2 h5 13.Nb5 Be5 14.Rb1 Bxb5 15.cxb5 d6
16.Nc4 Nd7 17.Nxe5 Qxe5 18.dxe6 fxe6 19.O-O Nf6 20.Bd3 h4 21.Qc3 Qxc3 22.bxc3 Nd7
23.f4 gxf3 24.gxf3 Ke7 25.Kf2 Ne5 26.Be2 Raf8 27.Rg1 Rf7 28.Ke3 Rhf8 29.Rbf1 d5
30.Rg5 Kd6 31.f4 Nd7 32.Rh5 d4+ 33.cxd4 cxd4+ 34.Kxd4 Rxf4 35.Rd1 R8f7 36.Ke3+ Ke7
37.Rd4 Nc5 38.a4 Nd7 39.Rc4 Nc5 40.a5 Rf8 41.axb6 axb6 42.e5 R4f7 43.Rcxh4 Ra8
44.Rh7  1/2-1/2

[Event "HUN-chT1"]
[Site "HUN"]
[Date "1995.??.??"]
[Round "?"]
[White "Kerek, Csaba"]
[Black "Palko, Gabriella"]
[Result "0-1"]
[WhiteElo "2085"]
[BlackElo "2035"]

1.d4 Nf6 2.c4 e6 3.Nf3 b6 4.a3 Bb7 5.Nc3 Be7 6.d5 d6 7.e4 e5 8.Bd3 Nbd7 9.O-O Nf8
10.b4 Ng6 11.Qa4+ Nd7 12.Rb1 O-O 13.Be3 Nf6 14.c5 dxc5 15.bxc5 Ng4 16.d6 Nxe3
17.fxe3 cxd6 18.c6 Bxc6 19.Qxc6 Rc8 20.Qa4 Rxc3 21.Bc4 d5 22.Bxd5 Rxa3 23.Qc4 Bf6
24.Rbd1 Qe7 25.h4 Rxe3 26.Ng5 Bxg5 27.Bxf7+ Rxf7 28.Rd8+ Qxd8 29.Rxf7 Kh8
30.hxg5 Rd3 31.Qe6 Rd6 32.Qf5 Kg8 33.Rxa7 Kh8 34.Qf7 Qg8 35.Qc7 Rd8 36.Ra3  0-1

[Event "Papp Bela mem"]
[Site "HUN"]
[Date "1995.??.??"]
[Round "?"]
[White "Csiszar, Csaba"]
[Black "Czebe, Attila"]
[Result "1/2-1/2"]
[WhiteElo "2390"]
[BlackElo "2340"]

1.d4 Nf6 2.c4 e6 3.Nf3 b6 4.a3 Bb7 5.Nc3 d5 6.Bg5 Be7 7.e3 O-O 8.Qc2 h6 9.Bf4 c5
10.dxc5 bxc5 11.Be2 Nh5 12.Bg3 Bf6 13.cxd5 exd5 14.Rd1 Nxg3 15.hxg3 Qa5 16.Kf1 Rd8
17.Rh5 Bxc3 18.bxc3 Nd7 19.Rb1 Rab8 20.Kg1 Nf6 21.Rh4 Ne4 22.Bd3 Nxc3 23.Bh7+ Kf8
24.Ne5 Ne4 25.Bxe4 dxe4 26.Rf4 Kg8 27.Nxf7 Qd2 28.Qxc5 Bd5 29.Rxb8 Rxb8 30.Qc7 Qd1+
31.Kh2 Rf8 32.Ne5 Qh5+ 33.Rh4 Qg5 34.Rg4 Qh5+ 35.Kg1 g5 36.Qd7 Ba8 37.Qe6+ Kg7
38.Qe7+ Kg8 39.Nd7 Rf5 40.Nf6+  1/2-1/2

[Event "HUN-chT1 9596"]
[Site "HUN"]
[Date "1995.??.??"]
[Round "1"]
[White "Sulyok, Sandor"]
[Black "Papp, Nandor"]
[Result "1-0"]
[WhiteElo "2285"]
[BlackElo "2115"]

1.d4 Nf6 2.c4 e6 3.Nf3 b6 4.a3 Ba6 5.e3 d5 6.Nbd2 Be7 7.b4 O-O 8.Bb2 Nbd7
9.Ne5 Bb7 10.Nxd7 Qxd7 11.c5 a5 12.Bd3 Ba6 13.Bxa6 Rxa6 14.Qe2 Raa8 15.O-O Rfb8
16.Bc3 axb4 17.axb4 Qd8 18.Qd3 bxc5 19.dxc5 Rxa1 20.Rxa1 Ra8 21.Ra6 Qc8 22.Bxf6 Bxf6
23.b5 Be7 24.c6 Rb8 25.Nb3 Bb4 26.g3 g6 27.Ra7 Rb6 28.Qe2 Bf8 29.Ra6 Qb8
30.Nd4 e5 31.Rxb6 Qxb6 32.Nb3 Bg7 33.Qd3 d4 34.exd4 exd4 35.Qc4 h6 36.Kg2 Qa7
37.Nc1 Qa5 38.Nd3 Qa7 39.Nc1 Qa5 40.h3 Qa7 41.Nd3 Qa5 42.Qb4 Qa7 43.Qc5 Qb8
44.Qd5 Bf6 45.h4 Qb6 46.Kh2 Qb8 47.Nc5 Bg7 48.Ne4 Kf8 49.Kg2 Kg8 50.g4 Qe8
51.b6 cxb6 52.c7 Kh7 53.f3  1-0

[Event "HUN-chT1 9596"]
[Site "HUN"]
[Date "1995.??.??"]
[Round "5"]
[White "Petran, Pal"]
[Black "Zsinka, Laszlo"]
[Result "1/2-1/2"]
[WhiteElo "2470"]
[BlackElo "2355"]

1.d4 Nf6 2.c4 e6 3.Nf3 b6 4.a3 Bb7 5.Nc3 g6 6.Bg5 Bg7 7.Qc2 h6 8.Bh4 d6 9.O-O-O g5
10.Bg3 Nh5 11.d5 e5 12.e3 Nd7 13.Nd2 Qe7 14.Be2 Ndf6 15.Bd3 O-O 16.f3 Nxg3
17.hxg3 c6 18.dxc6 Bxc6 19.Nde4 Rfd8 20.Nxf6+ Qxf6 21.Be4 Rac8 22.Bf5 Rc7
23.Kb1 a6 24.e4 Qe7 25.Rd2 Qe8 26.Rhd1 Bf8 27.Qb3 Rb8 28.Rc2 Kg7 29.a4 Rcb7
30.Rd5 Bxd5 31.exd5 Qd8 32.g4 Qc7 33.Ne4 Qd8 34.Nc3 Be7 35.g3 Qc7 36.Ne4 Qd8
37.Nc3 Qc7  1/2-1/2

[Event "HUN-chT1 9596"]
[Site "HUN"]
[Date "1995.??.??"]
[Round "5"]
[White "Lorincz, Istvan"]
[Black "Borocz, Istvan"]
[Result "0-1"]
[WhiteElo "2360"]
[BlackElo "2415"]

1.d4 Nf6 2.Nf3 e6 3.c4 b6 4.a3 Ba6 5.Qa4 Bb7 6.Nc3 Be7 7.Bf4 O-O 8.e3 c5
9.Rd1 cxd4 10.Rxd4 Nc6 11.Rd1 Nh5 12.Bd6 Bxd6 13.Rxd6 Qe7 14.Qd1 Nf6 15.Be2 Rfd8
16.O-O Rac8 17.b4 Ne8 18.Rd3 d6 19.Qb3 Ba8 20.Rfd1 a6 21.R3d2 Nf6 22.h3 h6
23.Bf1 Nb8 24.Nd4 Qc7 25.Rc1 Nbd7 26.Rdc2 Qb7 27.f3 Ne5 28.Na4 Qa7 29.f4 Nc6
30.Nxc6 Bxc6 31.b5 Be4 32.Bd3 axb5 33.cxb5 Rxc2 34.Bxc2 Rc8 35.Nc3 Bxc2 36.Rxc2 Rc5
37.Na4 Rc7 38.Rxc7 Qxc7 39.Qc3 Qxc3 40.Nxc3 Kf8 41.e4 Nd7 42.Kf2 Ke7 43.Ke3 Nc5
44.g4 g5 45.e5 gxf4+ 46.Kxf4 Nd3+ 47.Kg3 Nxe5 48.Kh4 Kf8 49.Kh5 Kg7 50.g5 hxg5
51.Kxg5 Nc4 52.a4 f6+ 53.Kf4 d5 54.Kf3 Kg6 55.Ke2 Kg5 56.Nd1 Kf4 57.h4 Nd6
58.Nf2 Nb7 59.Nd3+ Kf5 60.h5 e5 61.Nf2 Nc5 62.h6 Kg6 63.Ng4 Nd7 64.Ne3 Nc5
65.Nxd5 Nxa4 66.h7 Kxh7 67.Nxf6+ Kg6 68.Nd7 Kf5 69.Ke3 Ke6 70.Nb8 Nc3 71.Nc6 Nxb5  0-1